000 00753cam a2200253 4500
001 ABS61885
008 000000n2000 000 0 eng u
035 _a(Sirsi) u104512
245 _aEngineering the Millennium Dome
260 _c2000
490 _aNew Civil Engineer
_v1344 February 2000 1-42(34)
520 _aExamines every aspect of the construction of the Millennium Dome and describes its contents.
590 _aABS
650 _aMILLENNIUM DOME
650 _aHEALTH AND SAFETY
_96244
650 _aBROWNFIELD SITES
650 _aContamination
_96231
650 _aREMEDIATION
650 _aDESIGN
650 _aGEOTECHNOLOGY
650 _aBlock management
_96220
690 _aBUILDING AND CONSTRUCTION-PROJECTS
942 _n0
999 _c62711
_d62711